000 00307nam a2200109 4500
999 _c10650
_d10650
008 180913b ||||| |||| 00| 0 eng d
245 _aNorth Korea expels BBC journalist.
260 _aPhilippines
_bPhilippine Daily Inquirer
_cc2016
300 _apage A19.
650 0 _931110
_aJournalist.
942 _2ddc
_cPER